[Event "Prague Golden Blitz op 17th"]
[Site "Prague"]
[Date "2022.07.16"]
[Round "5"]
[White "Zvacek, Antonin"]
[Black "Rous, Dominik"]
[Result "1-0"]
[WhiteElo "1704"]
[BlackElo "1684"]
[PlyCount "101"]
[EventDate "2022.07.16"]
[EventType "swiss (blitz)"]
[EventRounds "11"]
[EventCountry "CZE"]
[SourceTitle "CBM 209 Extra"]
[Source "ChessBase"]
[SourceDate "2022.09.30"]
[SourceVersion "1"]
[SourceVersionDate "2022.09.30"]
[SourceQuality "1"]

1. c4 d6 2. g3 Nf6 3. Bg2 g6 4. Nc3 Bg7 5. e4 0-0 6. Nge2 e5 7. 0-0 Nc6 8. d3 a6 9. h3 Be6 10. Bg5 h6 11. Be3 b6 12. f4 exf4 13. Nxf4 Qd7 14. Kh2 g5 15. Nh5 Nxh5 16. Qxh5 f5 17. exf5 Bxf5 18. Rad1 Rae8 19. Bg1 Ne5 20. Be4 Bxe4 21. Nxe4 c5 22. b3 Rxf1 23. Rxf1 Nxd3 24. Qg6 Re6 25. Nf6+ Rxf6 26. Rxf6 Ne5 27. Rxd6 Qb7 28. Qe6+ Kh7 29. Qd5 Qe7 30. Kg2 Qf8 31. Qe4+ Kh8 32. Be3 Qe7 33. Qa8+ Kh7 34. Qd8 Qf7 35. Qa8 Qe7 36. Qd5 Qf8 37. Qe4+ Kh8 38. Re6 Qf6 39. Qd5 Qf8 40. h4 gxh4 41. Qe4 h3+ 42. Kxh3 Qf6 43. Rxe5 Qxe5 44. Qxe5 Bxe5 45. Kg4 Kg7 46. Bf2 Kf6 47. Be3 Kg6 48. Kf3 h5 49. Ke4 Bf6 50. Kd5 Kf5 51. Kc6 1-0

[Event "Prague Menchik Memorial rapid"]
[Site "Prague"]
[Date "2018.06.10"]
[Round "1"]
[White "Zvacek, Antonin"]
[Black "Burdalev, Kirill"]
[Result "0-1"]
[WhiteElo "1900"]
[BlackElo "2377"]
[PlyCount "67"]
[EventDate "2018.06.10"]
[EventType "swiss (rapid)"]
[EventRounds "9"]
[EventCountry "CZE"]
[SourceTitle "CBM 184 Extra"]
[Source "ChessBase"]
[SourceDate "2018.06.28"]
[SourceVersion "1"]
[SourceVersionDate "2018.06.28"]
[SourceQuality "1"]

1. e4 Nf6 2. e5 Nd5 3. d4 d6 4. Nf3 dxe5 5. Nxe5 c6 6. c4 Nb4 7. a3 Qxd4 8. Qxd4 Nc2+ 9. Kd1 Nxd4 10. Be3 Nf5 11. Bd3 f6 12. Nf3 e5 13. Bc2 Nxe3+ 14. fxe3 Bc5 15. Ke2 Be6 16. Nbd2 Nd7 17. b4 Be7 18. Ne4 Bxc4+ 19. Kf2 0-0-0 20. Rhd1 Nb6 21. Nh4 g6 22. Nc5 Bxc5 23. bxc5 Rxd1 24. Rxd1 Nd7 25. Rd6 Rf8 26. Nf3 Nxc5 27. Rd1 Bd5 28. Rc1 b6 29. Nd2 Kc7 30. a4 Rd8 31. e4 Be6 32. Nf3 Nd3+ 33. Bxd3 Rxd3 34. Ra1 0-1

[Event "Prague Golden rap op 13th"]
[Site "Prague"]
[Date "2017.07.01"]
[Round "1"]
[White "Zvacek, Antonin"]
[Black "Balacek, Tadeas"]
[Result "0-1"]
[WhiteElo "1881"]
[BlackElo "2308"]
[PlyCount "118"]
[EventDate "2017.07.01"]
[EventType "swiss (rapid)"]
[EventRounds "7"]
[EventCountry "CZE"]
[SourceTitle "EXT 2018"]
[Source "ChessBase"]
[SourceDate "2017.10.13"]
[SourceVersion "1"]
[SourceVersionDate "2017.10.13"]
[SourceQuality "1"]

1. e4 e6 2. d4 d5 3. Nc3 Nc6 4. e5 Nge7 5. Bg5 h6 6. Bh4 g5 7. Bg3 Nf5 8. Bb5 Bd7 9. Nge2 Qe7 10. Qd2 h5 11. f3 Bh6 12. Bf2 g4 13. f4 0-0-0 14. Bxc6 Bxc6 15. 0-0-0 f6 16. exf6 Qxf6 17. Kb1 Be8 18. Qd3 a6 19. g3 Bg6 20. Qd2 Nd6 21. b3 Bg7 22. Na4 Ne4 23. Qe3 h4 24. Nec3 hxg3 25. hxg3 Rxh1 26. Rxh1 Nxf2 27. Qxf2 Qxd4 28. Qxd4 Bxd4 29. Ne2 Bg7 30. Kc1 b6 31. c3 Kb7 32. Nd4 Rd6 33. Rh4 Bf5 34. Nxf5 exf5 35. Rh5 Rf6 36. Rh7 Bf8 37. Kd2 b5 38. Nb2 Bc5 39. Nd3 Bd6 40. Rh2 c5 41. Ne5 Bxe5 42. fxe5 Re6 43. Ke3 Rxe5+ 44. Kf4 Re4+ 45. Kxf5 Re3 46. Kxg4 Rxc3 47. Rd2 Kc6 48. Kf4 Rc1 49. g4 Rg1 50. Kf5 d4 51. g5 Kd5 52. Kf6 c4 53. g6 c3 54. Rc2 b4 55. Rh2 d3 56. g7 c2 57. Rh5+ Kd6 58. Rg5 Rxg5 59. Kxg5 c1Q+ 0-1